A brief record of the advance of the Egyptian expeditionary force under the command of General Sir Edmund H. H. Allenby ... July 1917 to October 1918 / (Record no. 552189)
[ view plain ]
| 000 -LEADER | |
|---|---|
| fixed length control field | 00993cam a2200205 a 4500 |
| 110 1# - MAIN ENTRY--CORPORATE NAME | |
| Corporate name or jurisdiction name as entry element | Great Britain. |
| 9 (RLIN) | 39715 |
| 245 02 - TITLE STATEMENT | |
| Title | A brief record of the advance of the Egyptian expeditionary force under the command of General Sir Edmund H. H. Allenby ... July 1917 to October 1918 / |
| Statement of responsibility, etc. | Compiled from official Sources. |
| 250 ## - EDITION STATEMENT | |
| Edition statement | Second ed. |
| 260 ## - PUBLICATION, DISTRIBUTION, ETC. | |
| Place of publication, distribution, etc. | London: |
| Name of publisher, distributor, etc. | H. M. Stationery Office, |
| Date of publication, distribution, etc. | 1919. |
| 300 ## - PHYSICAL DESCRIPTION | |
| Extent | 3 p. l., 113, [1] p. |
| Other physical details | front (port.) 56 pl. (incl. 55 maps) |
| Dimensions | 31 cm. |
| 500 ## - GENERAL NOTE | |
| General note | "General Allenby's despatches": p. [1]-36. |
| 500 ## - GENERAL NOTE | |
| General note | Descriptive letterpress on versos facing the plates. |
| 500 ## - GENERAL NOTE | |
| General note | Preface signed: H. Pirie-Gordon, lieut.-colonel, military editor. |
| 526 ## - STUDY PROGRAM INFORMATION NOTE | |
| Program name | 0 |
| Interest level | 0 |
| Reading level | 0 |
| Title point value | 355_009410000000000 |
| 650 #0 - SUBJECT ADDED ENTRY--TOPICAL TERM | |
| Topical term or geographic name entry element | World War, 1914-1918 |
| General subdivision | Campaigns |
| Geographic subdivision | Palestine. |
| 9 (RLIN) | 49401 |
| 650 #0 - SUBJECT ADDED ENTRY--TOPICAL TERM | |
| Topical term or geographic name entry element | World War, 1914-1918 |
| General subdivision | Regimental histories |
| Geographic subdivision | Great Britain. |
| 9 (RLIN) | 49402 |
| 700 1# - ADDED ENTRY--PERSONAL NAME | |
| Personal name | Allenby, Edmund Henry Hynman Allenby, |
| 9 (RLIN) | 49403 |
| 700 1# - ADDED ENTRY--PERSONAL NAME | |
| Personal name | Pirie-Gordon, H. |
| 9 (RLIN) | 49404 |
| 942 ## - ADDED ENTRY ELEMENTS (KOHA) | |
| Source of classification or shelving scheme | |
| Koha item type | Book |
| Withdrawn status | Lost status | Source of classification or shelving scheme | Damaged status | Not for loan | Permanent Location | Current Location | Shelving location | Date acquired | Total Checkouts | Full call number | Barcode | Date last seen | Price effective from | Koha item type |
|---|---|---|---|---|---|---|---|---|---|---|---|---|---|---|
| Military College of Engineering (MCE) | Military College of Engineering (MCE) | 01/09/2015 | 355.00941 | MCE-ECB/56 | 01/09/2015 | 01/09/2015 | Book |
